Essays on South India / (Record no. 20798)

MARC details
000 -LEADER
fixed length control field 01025cam a2200289 i 4500
001 - CONTROL NUMBER
control field 1269656
003 - CONTROL NUMBER IDENTIFIER
control field BDDh-ASL
005 - DATE AND TIME OF LATEST TRANSACTION
control field 20231015025934.0
008 - FIXED-LENGTH DATA ELEMENTS--GENERAL INFORMATION
fixed length control field 750319s1975 hiu b 001 0 eng
010 ## - LIBRARY OF CONGRESS CONTROL NUMBER
LC control number 74620104
020 ## - INTERNATIONAL STANDARD BOOK NUMBER
International Standard Book Number 0824803507 :
Terms of availability $8.50
040 ## - CATALOGING SOURCE
Original cataloging agency DLC
Transcribing agency DLC
Modifying agency DLC
-- BDDh-ASL
043 ## - GEOGRAPHIC AREA CODE
Geographic area code a-ii---
050 00 - LIBRARY OF CONGRESS CALL NUMBER
Classification number DS3.A2
Item number A82 no. 15
Classification number DS484
082 00 - DEWEY DECIMAL CLASSIFICATION NUMBER
Classification number 954.8
Item number ESS
245 00 - TITLE STATEMENT
Title Essays on South India /
Statement of responsibility, etc. edited by Burton Stein.
260 ## - PUBLICATION, DISTRIBUTION, ETC.
Place of publication, distribution, etc. [Honolulu] :
Name of publisher, distributor, etc. University Press of Hawaii,
Date of publication, distribution, etc. c1975.
300 ## - PHYSICAL DESCRIPTION
Extent viii, 213 p. :
Dimensions 23 cm.
440 #0 - SERIES STATEMENT/ADDED ENTRY--TITLE
Title Asian studies at Hawaii ;
Volume/sequential designation no. 15
500 ## - GENERAL NOTE
General note Essays originally presented at a conference of the Society for South India Studies held at the University of Wisconsin Apr. 7-9, 1970.
504 ## - BIBLIOGRAPHY, ETC. NOTE
Bibliography, etc. note Includes bibliographical references and index.
651 #0 - SUBJECT ADDED ENTRY--GEOGRAPHIC NAME
Geographic name India, South
General subdivision Congresses.
700 1# - ADDED ENTRY--PERSONAL NAME
Personal name Stein, Burton,
Dates associated with a name 1926-1996.
710 2# - ADDED ENTRY--CORPORATE NAME
Corporate name or jurisdiction name as entry element Society for South India Studies.
906 ## - LOCAL DATA ELEMENT F, LDF (RLIN)
a 7
b cbc
c orignew
d 1
e ncip
f 19
g y-gencatlg
942 ## - ADDED ENTRY ELEMENTS (KOHA)
Source of classification or shelving scheme Dewey Decimal Classification
Koha item type Books
Holdings
Withdrawn status Lost status Source of classification or shelving scheme Damaged status Not for loan Collection code Home library Current library Shelving location Date acquired Source of acquisition Total Checkouts Full call number Barcode Date last seen Copy number Price effective from Koha item type Public note
    Dewey Decimal Classification   Not For Loan Non-fiction Asiatic Society Library Asiatic Society Library Ludden Collection 01/14/2021 Donated by Prof. David Ludden   954.8 ESS 104298 01/14/2021 C-1 01/14/2021 Books RARE

Powered by Koha